Mistr a zavádění nové techniky /

Guardado en:
Detalles Bibliográficos
Autores principales: Duchek, Josef (Autor), Tomšík, Miloslav (Autor)
Formato: Libro
Lenguaje:checo
Publicado: Praha : Dom techniky ČSVTS, 1975
Etiquetas: Agregar Etiqueta
Sin Etiquetas, Sea el primero en etiquetar este registro!

MARC

LEADER 00000nam a22000003a 4500
001 stu35693
005 20150617225731.3
008 920430s1975----cs------------------cze-d
040 |a STU  |b slo 
041 0 |a cze 
044 |a cs 
100 1 |a Duchek, Josef  |4 aut 
245 1 |a Mistr a zavádění nové techniky /  |c [aut.]Josef Duchek, Miloslav Tomšík 
260 |a Praha :  |b Dom techniky ČSVTS,  |c 1975 
300 |a 94 s 
700 1 |a Tomšík, Miloslav  |4 aut 
996 |b 284M012329  |c M*6220-1  |l MMKN  |s A  |a 24  |w stu35693_0001